• 首页
  • 本馆介绍
  • 公告通知
  • 最新文献
  • 馆藏检索
  • 电子资源
  • 读者导购
  • 参考咨询
  • 我的图书馆
  • 登录
  • 详细信息显示
  • 放入我的书架
  • 预约/预借图书
  • 作者相关作品
  • 分类相关作品
  • 丛书相关作品
  • 出版社相关作品

书目信息

  • 表格格式
  • 工作单格式
  • 卡片格式
题名:
北京市非传统旅游资源与产业成长研究
    
 
作者: 戴斌 , 周晓歌 著
分册:  
出版信息: 北京   旅游教育出版社  2009.02
页数: 380页
开本: 23cm
丛书名:
单 册:
中图分类: F592.71
科图分类:
主题词: 旅游资源--研究--北京市 , 旅游业--研究--北京市 , 旅游资源 , 旅游业
电子资源:
ISBN: 978-7-5637-1137-6
000 00998nam0 2200277 450
001 010700066135
005 20091208150748.90
010    @a978-7-5637-1137-6@dCNY48.00
100    @a20090409d2009 em y0chiy0110 ea
101 0  @achi
102    @aCN@b110000
105    @aak z 000yy
106    @ar
200 1  @a北京市非传统旅游资源与产业成长研究@9bei jing shi fei chuan tong lu^ you zi yuan yu chan ye cheng zhang yan jiu@f戴斌,周晓歌等著
210    @a北京@c旅游教育出版社@d2009.02
215    @a380页@c图@d23cm
330    @a本书共十二章,内容包括:导论;非传统旅游资源的界定;都市旅游发展理论;北京都市旅游产业的发展现状评价;北京市旅游客源特征与消费模式变迁研究;北京市硬性非传统旅游资源实证研究等。
606 0  @a旅游资源@x研究@y北京市
606 0  @a旅游业@x研究@y北京市
606 0  @a旅游资源
606 0  @a旅游业
690    @aF592.71@v4
701  0 @a戴斌@9dai bin@4著
701  0 @a周晓歌@9zhou xiao ge@4著
801  0 @aCN@bRENTIAN@c20091208
905    @b20796049-54@dF592.71@e273@f6
    
    北京市非传统旅游资源与产业成长研究/戴斌,周晓歌等著.-北京:旅游教育出版社,2009.02
    380页:图;23cm
    
    
    ISBN 978-7-5637-1137-6:CNY48.00
    本书共十二章,内容包括:导论;非传统旅游资源的界定;都市旅游发展理论;北京都市旅游产业的发展现状评价;北京市旅游客源特征与消费模式变迁研究;北京市硬性非传统旅游资源实证研究等。
●
相关链接 在E读中查询图书 在五车中查询图书 在当当中查询图书 在豆瓣中查询图书


正题名:北京市非传统旅游资源与产业成长研究     索取号:F592.71/273         预约/预借

序号 登录号 条形码 馆藏地/架位号 状态 备注
1 796049   207960492   第一样本阅览室/ [索取号:F592.71/273] 在馆    
2 796050   207960508   第一借阅区/ [索取号:F592.71/273] 在馆    
3 796051   207960517   第一借阅区/ [索取号:F592.71/273] 在馆    
4 796052   207960526   第一借阅区/ [索取号:F592.71/273] 在馆    
5 796053   207960535   第一借阅区/ [索取号:F592.71/273] 在馆    
6 796054   207960544   密集书库-资源管理系/ [索取号:F592.71/273] 在馆    
欢迎您!
大连网信软件有限公司© 版权所有